|
|
|
|
| LEADER |
01130nam a2200277 a 4500 |
| 001 |
1074349 |
| 008 |
090823r20031993enka b 000 0 eng d |
| 010 |
|
|
|a gb 94084094
|
| 020 |
|
|
|a 0521406536 (pbk.)
|
| 020 |
|
|
|a 0521406528 (cassette)
|
| 040 |
|
|
|a UAZ
|c UAZ
|d UKM
|
| 082 |
0 |
4 |
|a 428.6
|2 20
|
| 100 |
1 |
|
|a Collie, Joanne.
|
| 245 |
1 |
0 |
|a Short stories :
|b for creative language classrooms /
|c Joanne Collie and Stephen Slater.
|
| 260 |
|
|
|a Cambridge ;
|a New York :
|b Cambridge University Press,
|c 1993.[printing 2003]
|
| 300 |
|
|
|a vi, 101 p. :
|b ill. ;
|c 25 cm.
|
| 504 |
|
|
|a Includes bibliographical references (p. 101).
|
| 541 |
1 |
|
|e 00012385
|
| 653 |
0 |
|
|a English language
|a Reading books
|
| 650 |
|
0 |
|a Readers.
|
| 650 |
|
0 |
|a English language
|x Study and teaching
|x Foreign speakers.
|
| 650 |
|
0 |
|a Short stories, English.
|
| 700 |
1 |
|
|a Slater, Stephen,
|d 1947-
|
| 852 |
4 |
|
|a Ayesha Abed Library
|j General Shelf.
|
| 999 |
|
|
|c 3502
|d 3502
|
| 952 |
|
|
|0 0
|1 4
|2 ddc
|4 0
|6 428_600000000000000_COL
|7 0
|9 3180
|a BRACUL
|b BRACUL
|c GEN
|d 2009-09-01
|g 0.00
|l 0
|o 428.6 COL
|p 3010012385
|r 2009-09-01
|t 1
|w 2009-09-01
|y BK
|x No price found in the accession register.
|